000 00595nam a2200241Ia 4500
003 OSt
005 20140313101935.0
008 140130s9999 xx 000 0 und d
020 _a0590330721
050 _aPZ 7
_b.C136Mye 1997
100 _aCalmenson, Stephanie.
245 _cStephanie Calmenson.
_aMy Dog's The Best /
260 _bScholastic Inc.,
_cc1997.
_aUSA :
300 _a30 p. :
_bcol. ill. ;
_c23 cm.
440 _v1
521 _aBR
526 _cBR
650 _aDogs
_xFiction.
650 _aPets
_xFiction.
942 _cBK
_2lcc
999 _c41534
_d41534